LEADER 01852cam--2200445---450- 001 990002013450203316 005 20101213151350.0 010 $a88-14-10457-3 035 $a000201345 035 $aUSA01000201345 035 $a(ALEPH)000201345USA01 035 $a000201345 100 $a20040917d2003----km-y0enga50------ba 101 $aita 102 $aIT 105 $a||||||||001yy 200 1 $aCorpus juris, pubblico ministero europeo e cooperazione internazionale$eatti del convegno, Alessandria, 19-21 ottobre 2001$fa cura di Marta Bargis e Serafino Nosengo 210 $aMilano$cGiuffrè$d2003 215 $aIX, 647 p.$d24 cm 225 2 $aMemorie della Facoltà di Giurisprudenza, Università del Piemonte orientale Amedeo Avogadro$fUniversità del Piemonte orientale Amedeo Avogadro$hSerie 2$v10 410 0$aMemorie della Facoltà di Giurisprudenza, Università del Piemonte orientale Amedeo Avogadro$12001$v20$fUniversità del Piemonte orientale Amedeo Avogadro$hSerie 2 606 0 $aGiustiza penale$xCooperazione$yPaesi della Comunità europea$z2001 676 $a341.77 702 1$aBARGIS,$bMarta 702 1$aNOSENGO,$bSerafino 801 0$aIT$bsalbc$gISBD 912 $a990002013450203316 951 $aXXIII.4.G. 18 (IG VIII 12 IT 666)$b42781 G.$cXXIII.4.G.$d00136944 959 $aBK 969 $aGIU 979 $aACQUISTI$b10$c20040917$lUSA01$h1401 979 $aANNASEN$b90$c20050207$lUSA01$h1518 979 $aCHIARA$b90$c20081015$lUSA01$h1217 979 $aRSIAV4$b90$c20090707$lUSA01$h1322 979 $aFIORELLA$b90$c20101213$lUSA01$h1513 979 $aFIORELLA$b90$c20101213$lUSA01$h1513 979 $aCHIARA$b90$c20110519$lUSA01$h1240 979 $aCHIARA$b90$c20110519$lUSA01$h1240 996 $aCorpus juris, pubblico ministero europeo e cooperazione internazionale$9673778 997 $aUNISA LEADER 01733oam 2200505 450 001 9910717118903321 005 20220215124216.0 035 $a(CKB)5470000002529030 035 $a(OCoLC)1157237705 035 $a(EXLCZ)995470000002529030 100 $a20200608d1940 ua 0 101 0 $aeng 135 $aurbn||||||||| 181 $ctxt$2rdacontent 182 $cc$2rdamedia 183 $acr$2rdacarrier 200 10$aChart for critical compressive stress of flat rectangular plates /$fby H.N. Hill 210 1$aWashington, [D.C.] :$cNational Advisory Committee for Aeronautics ;$d1940. 215 $a1 online resource (14 pages, 2 unnumbered pages) $cillustrations 225 1 $aTechnical note / National Advisory Committee for Aeronautics ;$vno. 773 300 $a"August 1940." 300 $aNo Federal Depository Library Program (FDLP) item number. 320 $aIncludes bibliographical references (pages 14). 606 $aPlates (Engineering) 606 $aStrains and stresses 606 $aMaterials$xCompression testing 606 $aPlates (Engineering)$2fast 606 $aStrains and stresses$2fast 615 0$aPlates (Engineering) 615 0$aStrains and stresses. 615 0$aMaterials$xCompression testing. 615 7$aPlates (Engineering) 615 7$aStrains and stresses. 700 $aHill$b H. N.$01391511 712 02$aUnited States.$bNational Advisory Committee for Aeronautics, 801 0$bTRAAL 801 1$bTRAAL 801 2$bTRAAL 801 2$bOCLCO 801 2$bOCLCF 801 2$bGPO 906 $aBOOK 912 $a9910717118903321 996 $aChart for critical compressive stress of flat rectangular plates$93445356 997 $aUNINA